| 000 | 01764nam2a2200301 4500 | ||
|---|---|---|---|
| 001 | rc\2830557 | ||
| 005 | 20260315045110.0 | ||
| 035 | _a(NLR Aleph) 006988527 | ||
| 090 |
_a13571670 _c13571670 |
||
| 100 | _a20110625d1929 u y0rusy50 ca | ||
| 101 | 1 |
_arus _cfre |
|
| 102 | _aRU | ||
| 105 | _ac z 000ay | ||
| 200 | 1 |
_aДобыча _eроман _fперевод с французского Ю. М. Загуляевой _gредакция М. П. Столярова _gст. и примеч. М. Д. Эйхенгольца _gпортрет Э. Золя – гравюра М. Дебутэна |
|
| 210 | _d1929 | ||
| 215 |
_a415 с., 1 л. портр. _cпортр. |
||
| 461 | 0 |
_1001rc\2830553 _12001#$aПолное собрание сочинений$ecо статьями, примечаниями и иконографией$fЭмиль Золя$gпод общей редакцией М. Д. Эйхенгольца$gобложка художника П. Алякринского$vТ. 2 _1700#1$aЗоля$bЭ.$gЭмиль$f1840-1902$3RU\NLR\AUTH\771440 _95603144 _aЗоля, Э. (1840-1902) _cМосква _d1931 _fЭмиль Золя _nОгиз _oСо статьями, примеч. и иконографией _tПолное собрание сочинений _vТ. 2 |
|
| 702 | 1 |
_aЗагуляева _bЮ. М. _f1861- _gЮлия Михайловна _4730 |
|
| 702 | 1 |
_aЭйхенгольц _bМ. Д. _f1889-1953 _gМарк Давидович _4212 |
|
| 702 | 1 |
_aСтоляров _bМ. П. _cпереводчик _f1888- _gМихаил Павлович _4340 |
|
| 702 | 1 |
_aДебутэн _bМ. _4040 |
|
| 801 | 0 |
_aRU _bNLR _gpsbo |
|
| 801 | 1 |
_aRU _bELAR _2rusmarc |
|
| 852 |
_aNLR _j46/184(2) |
||
| 852 |
_aNLR _jЛ60 В-3/116(2) |
||
| 942 | _cUNSPEC | ||
| 980 | _aNB | ||